[Event "27th 4NCL Congress"]
[Site "The Old Swan Harrogate, Swan R"]
[Date "2022.01.22"]
[Round "3.3"]
[White "Dickson, Kieran"]
[Black "Buckell, David J"]
[Result "0-1"]
[WhiteElo "1686"]
[BlackElo "1626"]
[PlyCount "88"]
[EventDate "2022.01.21"]

1. d4 d6 2. c4 Nf6 3. Nc3 g6 4. e4 Bg7 5. Be2 O-O 6. Be3 e5 7. d5 c6 8. Qd2 Ng4
9. Bxg4 Bxg4 10. f3 Bc8 11. h4 cxd5 12. cxd5 f5 13. exf5 gxf5 14. Bh6 Qf6 15.
Bxg7 Qxg7 16. Nge2 a6 17. O-O-O Kh8 18. Rdg1 b5 19. g4 Qc7 20. Kb1 fxg4 21.
fxg4 Nd7 22. g5 Nc5 23. g6 Bf5+ 24. Ka1 Bxg6 25. h5 Bd3 26. b4 Bxe2 27. bxc5
Bf3 28. cxd6 Qxd6 29. Rh3 b4 30. Rxf3 Rxf3 31. Qg2 Qf8 32. Ne4 b3 33. Ng5 Rf2
34. Qh3 Rxa2+ 35. Kb1 Qf2 36. Qg2 Qf5+ 37. Qe4 Rf8 38. Qxf5 Rxf5 39. d6 Rd2 40.
Ne4 Rd3 41. Kb2 a5 42. h6 Rf4 43. Ng5 Rf2+ 44. Ka3 Ra2# 0-1

[Event "27th 4NCL Congress"]
[Site "The Old Swan Harrogate, Swan R"]
[Date "2022.01.22"]
[Round "3.4"]
[White "Jinks, Anthony"]
[Black "Lee, Jordan"]
[Result "1-0"]
[WhiteElo "1562"]
[BlackElo "1683"]
[PlyCount "95"]
[EventDate "2022.01.21"]

1. e4 c6 2. d4 d5 3. Nc3 dxe4 4. Nxe4 Nf6 5. Nxf6+ exf6 6. Nf3 Bg4 7. Be2 Bd6
8. c3 O-O 9. O-O Qc7 10. h3 Bh5 11. Nh4 Bxe2 12. Qxe2 Nd7 13. Nf5 Bf4 14. Qg4
g5 15. Bxf4 Qxf4 16. Ne7+ Kg7 17. Qxd7 Qd2 18. Qg4 Rae8 19. Nf5+ Kh8 20. Ng3
Qxb2 21. Qf3 Re6 22. Rfb1 Qd2 23. Nf1 Qc2 24. Rc1 Qg6 25. Rd1 h5 26. Qd3 Qh6
27. Re1 h4 28. Rxe6 fxe6 29. Re1 f5 30. Ne3 g4 31. hxg4 h3 32. g3 f4 33. gxf4
Qxf4 34. Rf1 Qf3 35. Qd1 Qf4 36. Qe2 Rf7 37. f3 Rh7 38. Rf2 Qg3+ 39. Kh1 Rf7
40. Nf1 Qh4 41. Rh2 Kg8 42. Qf2 Qh7 43. Qg3 Qd3 44. Qxh3 Kf8 45. Rf2 Qxc3 46.
g5 Qxd4 47. Rd2 Qf4 48. Qh8+ 1-0

[Event "27th 4NCL Congress"]
[Site "The Old Swan Harrogate, Swan R"]
[Date "2022.01.22"]
[Round "3.6"]
[White "Oliver, Peter J R"]
[Black "Mitchell, Ian"]
[Result "1/2-1/2"]
[WhiteElo "1659"]
[BlackElo "1553"]
[PlyCount "43"]
[EventDate "2022.01.21"]

1. Nf3 Nf6 2. d4 e6 3. c4 c5 4. e3 cxd4 5. exd4 Bb4+ 6. Bd2 Bxd2+ 7. Nbxd2 O-O
8. g3 b6 9. Bg2 Bb7 10. O-O d5 11. Ne5 Nc6 12. Re1 Nxd4 13. Rc1 Rc8 14. Qa4 a5
15. Rcd1 Qe8 16. Qxe8 Rfxe8 17. b3 Ba6 18. Nb1 Nc2 19. Re2 Nb4 20. Na3 Red8 21.
Red2 Re8 22. f4 1/2-1/2

[Event "27th 4NCL Congress"]
[Site "The Old Swan Harrogate, Swan R"]
[Date "2022.01.22"]
[Round "3.7"]
[White "Webster, Vivien"]
[Black "Horspool, Ben"]
[Result "0-1"]
[WhiteElo "1656"]
[BlackElo "1478"]
[PlyCount "60"]
[EventDate "2022.01.21"]

1. d4 Nf6 2. c4 g6 3. e3 Bg7 4. Bd3 b6 5. Ne2 Bb7 6. O-O O-O 7. Nbc3 e6 8. Ng3
d5 9. cxd5 Nxd5 10. Nxd5 Bxd5 11. Bd2 Nd7 12. Bc3 c5 13. e4 Bb7 14. d5 exd5 15.
exd5 Nf6 16. h4 Qxd5 17. f3 Rad8 18. Ne4 Nxe4 19. Bxg7 Kxg7 20. Bxe4 Qxd1 21.
Raxd1 Bxe4 22. fxe4 Rfe8 23. Rde1 Rd4 24. Rf4 f5 25. g3 Rdxe4 26. Rexe4 Rxe4
27. Rxe4 fxe4 28. Kf2 Kf6 29. g4 Ke5 30. Ke3 b5 0-1

[Event "27th 4NCL Congress"]
[Site "The Old Swan Harrogate, Swan R"]
[Date "2022.01.22"]
[Round "3.8"]
[White "Pointon, Mike"]
[Black "Foy, Jeff"]
[Result "1-0"]
[WhiteElo "1650"]
[BlackElo "1409"]
[PlyCount "75"]
[EventDate "2022.01.21"]

1. e4 e6 2. d4 d5 3. Nc3 c5 4. exd5 exd5 5. Nf3 Nf6 6. Be3 cxd4 7. Qxd4 Nc6 8.
Bb5 Bd7 9. Bxc6 bxc6 10. O-O-O Be7 11. Bg5 O-O 12. Rhe1 Re8 13. h3 Qb6 14. Qxb6
axb6 15. Ne5 Red8 16. Nxc6 Bxc6 17. Rxe7 d4 18. Bxf6 gxf6 19. Ne2 Rxa2 20. Rxd4
Rc8 21. Rg4+ Kf8 22. Re3 Bb5 23. Nd4 Rd8 24. c3 Ra1+ 25. Kc2 Bd7 26. Rh4 Ba4+
27. b3 Ra2+ 28. Kb1 Bxb3 29. Nxb3 Rxf2 30. Rd4 Ra8 31. Rd2 Rf1+ 32. Kc2 Ra2+
33. Kd3 Ra3 34. Nd4 Ra5 35. Rf3 Rb1 36. Rxf6 Rc5 37. Rdf2 Rd1+ 38. Ke2 1-0

[Event "27th 4NCL Congress"]
[Site "The Old Swan Harrogate, Swan R"]
[Date "2022.01.22"]
[Round "3.9"]
[White "Llewellyn, Alan M"]
[Black "Kirilenkovs, Juris"]
[Result "1-0"]
[WhiteElo "1629"]
[BlackElo "1248"]
[PlyCount "73"]
[EventDate "2022.01.21"]

1. c4 c5 2. Nc3 Nc6 3. e4 Nf6 4. f4 d6 5. Nf3 Bg4 6. Be2 Bxf3 7. Bxf3 Nd4 8.
O-O Nxf3+ 9. Qxf3 e5 10. fxe5 dxe5 11. Nd5 Be7 12. Qg3 O-O 13. d4 Nxd5 14. exd5
exd4 15. Rf5 g6 16. Bh6 Bd6 17. Qg4 Re8 18. Raf1 Qd7 19. Qg5 Qe7 20. Rxf7 Qxg5
21. Bxg5 b6 22. Rd7 Bf8 23. Rff7 Re1+ 24. Kf2 Rae8 25. Rxh7 R8e2+ 26. Kg3 Bd6+
27. Kh3 Be5 28. Rhe7 Re3+ 29. Bxe3 Rxe3+ 30. g3 Bg7 31. Rxg7+ Kh8 32. Rge7 Rxe7
33. Rxe7 d3 34. Re3 d2 35. Rd3 d1=Q 36. Rxd1 Kg7 37. d6 1-0

[Event "27th 4NCL Congress"]
[Site "The Old Swan Harrogate, Swan R"]
[Date "2022.01.22"]
[Round "3.10"]
[White "Vdovycia, Titas"]
[Black "Herd, Ewan"]
[Result "1-0"]
[WhiteElo "1667"]
[BlackElo "1542"]
[PlyCount "85"]
[EventDate "2022.01.21"]

1. e4 c6 2. d4 d5 3. Nc3 dxe4 4. Nxe4 Bf5 5. Ng3 Bg6 6. Nf3 Nf6 7. Bd3 Bxd3 8.
Qxd3 e6 9. O-O Be7 10. Re1 Nbd7 11. a4 a5 12. Bd2 O-O 13. c3 c5 14. Qb5 Qb6 15.
Qd3 cxd4 16. Nxd4 Bc5 17. Be3 Nd5 18. Nf1 Nxe3 19. Nxe3 Bxd4 20. cxd4 Nf6 21.
Rac1 Rfd8 22. Red1 Rd7 23. Nc4 Qa7 24. Ne5 Rd5 25. Rc7 Qb6 26. Qc4 Rf8 27. b3
g6 28. h3 Qd6 29. Rd3 Qb6 30. Qc3 Ne4 31. Qc4 Rxe5 32. dxe5 Nxf2 33. Rd4 Ne4
34. Kh2 f5 35. Rdd7 Ng5 36. Qh4 Nf7 37. Qf6 Qf2 38. Rd1 Qf4+ 39. Kh1 Qxe5 40.
Qxe5 Nxe5 41. Rxb7 Nc6 42. Rbd7 Nd8 43. Rg7+ 1-0

[Event "27th 4NCL Congress"]
[Site "The Old Swan Harrogate, Swan R"]
[Date "2022.01.22"]
[Round "3.11"]
[White "Merry, John D"]
[Black "Coleman, Patrick N"]
[Result "1-0"]
[WhiteElo "1660"]
[BlackElo "1531"]
[PlyCount "78"]
[EventDate "2022.01.21"]

1. e4 c5 2. Nf3 d6 3. d3 Nc6 4. g3 Nf6 5. Bg2 h6 6. Nbd2 Bg4 7. c3 e6 8. h3
Bxf3 9. Nxf3 Be7 10. O-O O-O 11. Re1 d5 12. e5 Nh7 13. d4 cxd4 14. Nxd4 Qb6 15.
Qg4 Bg5 16. f4 Nxd4 17. cxd4 Be7 18. Be3 Rac8 19. Re2 Rc6 20. h4 Rfc8 21. f5
exf5 22. Qxf5 Qb5 23. Rf2 Rf8 24. Raf1 Re6 25. Qf3 Rg6 26. Kh2 Qd7 27. Bh3 Qc6
28. Bf5 b6 29. Bxg6 fxg6 30. Qg4 Rxf2+ 31. Rxf2 Nf8 32. Qf3 Qe6 33. Qd1 Nh7 34.
Qb3 Bd8 35. Qa4 Qe7 36. Qc6 Nf8 37. Qb5 Kh7 38. h5 gxh5 39. Qxd5 Ne6 {
Scoresheets not readable} 1-0

[Event "27th 4NCL Congress"]
[Site "The Old Swan Harrogate, Swan R"]
[Date "2022.01.22"]
[Round "3.12"]
[White "Edgar, Barry"]
[Black "Ashworth, Steven M"]
[Result "1/2-1/2"]
[WhiteElo "1615"]
[BlackElo "1528"]
[PlyCount "35"]
[EventDate "2022.01.21"]

1. d4 e5 2. dxe5 Nc6 3. e4 Nxe5 4. Nc3 Bb4 5. Nf3 Qe7 6. Be2 d6 7. O-O c6 8.
Bd2 Bc5 9. Na4 Bb6 10. Nxb6 axb6 11. Nxe5 dxe5 12. c3 Nf6 13. Bg5 h6 14. Bxf6
Qxf6 15. Bg4 O-O 16. Bxc8 Rfxc8 17. Qb3 b5 18. Rfd1 1/2-1/2

[Event "27th 4NCL Congress"]
[Site "The Old Swan Harrogate, Swan R"]
[Date "2022.01.22"]
[Round "3.13"]
[White "Mildenhall, Steven"]
[Black "Egan, William J"]
[Result "1-0"]
[WhiteElo "1386"]
[BlackElo "1599"]
[PlyCount "47"]
[EventDate "2022.01.21"]

1. c4 c6 2. d4 d5 3. cxd5 cxd5 4. Nc3 e6 5. Bf4 Bd6 6. Bg3 a6 7. e3 Nf6 8. Bd3
Nc6 9. a3 O-O 10. Nf3 Qc7 11. Rc1 Bxg3 12. hxg3 Qd6 13. e4 dxe4 14. Nxe4 Nxe4
15. Bxe4 f5 16. Bxc6 bxc6 17. Ne5 Bb7 18. O-O Rad8 19. Qb3 Rb8 20. Rc5 Rf6 21.
Qc3 Rd8 22. Rd1 Rh6 23. Nxc6 Bxc6 24. Rxc6 1-0

[Event "27th 4NCL Congress"]
[Site "The Old Swan Harrogate, Swan R"]
[Date "2022.01.22"]
[Round "3.14"]
[White "Howe, Daniel"]
[Black "Weller, Colin"]
[Result "0-1"]
[WhiteElo "1512"]
[BlackElo "1598"]
[PlyCount "92"]
[EventDate "2022.01.21"]

1. e4 d6 2. d4 Nf6 3. Nc3 Nbd7 4. Nf3 e5 5. Bg5 Be7 6. Be2 h6 7. Be3 c6 8. O-O
Qc7 9. Qd2 Ng4 10. h3 Nxe3 11. Qxe3 O-O 12. d5 c5 13. a4 a6 14. Rfb1 b6 15. Bc4
Nf6 16. Qe2 a5 17. Nb5 Qd8 18. Rd1 Bd7 19. Nc3 Qc7 20. Bb5 Rfb8 21. Rd2 Ne8 22.
Rad1 f6 23. Bxd7 Qxd7 24. Nh4 Nc7 25. Nf5 Bf8 26. Qg4 Kh7 27. Nxh6 Qxg4 28.
Nxg4 b5 29. b3 bxa4 30. Nxa4 Rb4 31. f3 Rab8 32. Ne3 g6 33. Nc4 R4b7 34. Nxa5
Rb5 35. Nc6 Ra8 36. Rf2 Bh6 37. Rff1 Na6 38. Nc3 Rb7 39. Ra1 Be3+ 40. Kh1 Bd4
41. Nxd4 exd4 42. Ne2 Rba7 43. Nf4 Nb4 44. Rxa7+ Rxa7 45. Rf2 Ra2 46. Ne6 d3
0-1

[Event "27th 4NCL Congress"]
[Site "The Old Swan Harrogate, Swan R"]
[Date "2022.01.22"]
[Round "3.15"]
[White "Blower, Trevor R"]
[Black "Scorer, David M"]
[Result "0-1"]
[WhiteElo "1591"]
[BlackElo "1443"]
[PlyCount "66"]
[EventDate "2022.01.21"]

1. f4 d5 2. Nf3 Nf6 3. g3 c6 4. Bg2 Bf5 5. d3 e6 6. c3 Be7 7. Qc2 Nbd7 8. O-O
O-O 9. Nbd2 Qc7 10. Ng5 h6 11. e4 dxe4 12. dxe4 hxg5 13. fxg5 Nxe4 14. Nxe4 Bg6
15. Rf4 Rad8 16. Rh4 Nc5 17. Qf2 Rd1+ 18. Bf1 Nxe4 19. Rxe4 Bxe4 20. Bf4 Qd7
21. Rxd1 Qxd1 22. Be3 Bd3 23. h4 Qxf1+ 24. Qxf1 Bxf1 25. Kxf1 b6 26. Ke2 Rd8
27. c4 f5 28. gxf6 gxf6 29. a3 c5 30. Kf3 Kf7 31. h5 f5 32. Bf4 Bf6 33. b4 Rd3+
0-1

[Event "27th 4NCL Congress"]
[Site "The Old Swan Harrogate, Swan R"]
[Date "2022.01.22"]
[Round "3.16"]
[White "McKay, Ruairidh"]
[Black "Hollyman, Mike"]
[Result "1-0"]
[WhiteElo "1531"]
[BlackElo "1598"]
[PlyCount "69"]
[EventDate "2022.01.21"]

1. d4 Nf6 2. c4 c5 3. d5 b5 4. cxb5 a6 5. bxa6 Bxa6 6. Nc3 g6 7. e4 Bxf1 8.
Kxf1 d6 9. g3 Bg7 10. Kg2 Na6 11. Nf3 Nc7 12. Re1 O-O 13. Qc2 e6 14. dxe6 fxe6
15. Bg5 h6 16. Bxf6 Qxf6 17. Re3 Na6 18. a3 Nb4 19. Qd2 Rfd8 20. Rd1 Nc6 21.
Rd3 Bf8 22. Nb5 c4 23. Re3 Rab8 24. Nc3 Rb7 25. Qe2 Na5 26. e5 Qf7 27. exd6
Rdb8 28. Rxe6 Rxb2 29. Qe4 R2b7 30. Rxg6+ Bg7 31. Ne5 Qe8 32. d7 Qe7 33. Nd5
Qc5 34. Nf6+ Kf8 35. d8=Q+ 1-0

[Event "27th 4NCL Congress"]
[Site "The Old Swan Harrogate, Swan R"]
[Date "2022.01.22"]
[Round "3.17"]
[White "Duffell, Andrew"]
[Black "Halpin, David"]
[Result "1/2-1/2"]
[WhiteElo "1595"]
[BlackElo "1176"]
[PlyCount "60"]
[EventDate "2022.01.21"]

1. d4 Nf6 2. c4 e6 3. Nc3 b6 4. Qc2 Bb7 5. e4 Bb4 6. Bd3 Bxc3+ 7. bxc3 g6 8.
Nf3 d6 9. h3 Nbd7 10. O-O Qe7 11. a4 a5 12. Re1 c5 13. Bg5 Qf8 14. e5 Bxf3 15.
Bxf6 Nxf6 16. exf6 Bb7 17. Rab1 Ra6 18. Be4 Bc8 19. Bc6+ Bd7 20. d5 Bxc6 21.
dxc6 Kd8 22. Qb3 Kc7 23. Qc2 Qa8 24. Qe4 Qxc6 25. Qxc6+ Kxc6 26. f4 h5 27. Kf2
Rg8 28. h4 Ra7 29. Re2 Re8 30. Reb2 Rb7 1/2-1/2

[Event "27th 4NCL Congress"]
[Site "The Old Swan Harrogate, Swan R"]
[Date "2022.01.22"]
[Round "3.18"]
[White "Goodwin, Theo"]
[Black "Watson, Andrew"]
[Result "0-1"]
[WhiteElo "1467"]
[BlackElo "1558"]
[PlyCount "66"]
[EventDate "2022.01.21"]

1. d4 e5 2. dxe5 Nc6 3. Nf3 Bc5 4. e3 f6 5. exf6 Nxf6 6. Bc4 d5 7. Bb3 Bg4 8.
O-O Ne5 9. h3 Nxf3+ 10. gxf3 Bxh3 11. Nc3 c6 12. Kh2 Qd7 13. Rg1 Bd6+ 14. Kh1
O-O-O 15. e4 Be6 16. Qf1 Bh3 17. Qd1 Bc7 18. exd5 cxd5 19. Ne2 h5 20. Bf4 Bxf4
21. Nxf4 Qc6 22. Nd3 g5 23. Rg3 h4 24. Rg1 g4 25. Ne1 g3 26. fxg3 hxg3 27. Rxg3
Nh5 28. Rg1 Nf4 29. Kh2 Bg2+ 30. Kg3 Rhg8+ 31. Kf2 Nh3+ 32. Ke2 Nf4+ 33. Kd2
Qd6 0-1

[Event "27th 4NCL Congress"]
[Site "The Old Swan Harrogate, Swan R"]
[Date "2022.01.22"]
[Round "3.19"]
[White "Collins, Steve"]
[Black "Sartain, Patrick P"]
[Result "0-1"]
[WhiteElo "1174"]
[BlackElo "1556"]
[PlyCount "84"]
[EventDate "2022.01.21"]

1. d4 d6 2. Nf3 h6 3. Bf4 Bf5 4. e3 Nf6 5. Bd3 Bxd3 6. Qxd3 Nh5 7. Bg3 Nxg3 8.
hxg3 Nd7 9. Nc3 e6 10. O-O-O a6 11. Rhe1 Be7 12. e4 b5 13. d5 Nc5 14. Qe3 e5
15. Kb1 b4 16. Ne2 a5 17. a3 Qd7 18. Nd2 O-O 19. Rh1 bxa3 20. Qxa3 Rfb8 21. b3
a4 22. b4 Na6 23. c3 Qb5 24. Nc1 c5 25. dxc6 Qxc6 26. Nd3 Nc5 27. Kc2 Nxe4 28.
Nxe4 Qxe4 29. f3 Qc4 30. Rb1 d5 31. Rhe1 f6 32. Kd2 d4 33. cxd4 Qxd4 34. Re4
Qd5 35. Ra1 Rc8 36. Qa2 Qxa2+ 37. Rxa2 a3 38. f4 Bd6 39. fxe5 fxe5 40. Nxe5 Re8
41. Re3 Rxe5 42. Rexa3 Bxb4+ 0-1

[Event "27th 4NCL Congress"]
[Site "The Old Swan Harrogate, Swan R"]
[Date "2022.01.22"]
[Round "3.20"]
[White "Farrow, Ian"]
[Black "Merrifield, Peter"]
[Result "1/2-1/2"]
[WhiteElo "1531"]
[BlackElo "1109"]
[PlyCount "82"]
[EventDate "2022.01.21"]

1. e4 c6 2. d4 d5 3. e5 Bf5 4. g4 Bg6 5. h4 h6 6. Nh3 e6 7. Nf4 Bh7 8. Bd3 Bxd3
9. Qxd3 Nd7 10. Be3 c5 11. c3 c4 12. Qc2 Qb6 13. Nd2 O-O-O 14. Ne2 f6 15. Nf3
Ne7 16. O-O-O f5 17. g5 h5 18. Nf4 g6 19. Kd2 Kb8 20. Ra1 Rc8 21. Qa4 Qd8 22.
Nxe6 Nb6 23. Qc2 Qd7 24. Nc5 Qc6 25. e6 Bg7 26. Bf4+ Ka8 27. Be5 Bxe5 28. Nxe5
Qd6 29. Rhe1 Rhg8 30. Re2 Rcf8 31. f4 Nc6 32. Rae1 Re8 33. Nxc6 Qxc6 34. Re5
Re7 35. Kd1 Rge8 36. Qe2 Nc8 37. Kc1 a6 38. Qg2 Nb6 39. Qe2 Nc8 40. Qg2 Nb6 41.
Qe2 Nc8 1/2-1/2

[Event "27th 4NCL Congress"]
[Site "The Old Swan Harrogate, Swan R"]
[Date "2022.01.22"]
[Round "3.22"]
[White "Meredith, Daniel"]
[Black "Hynes, Thomas F"]
[Result "1-0"]
[WhiteElo "1440"]
[BlackElo "1336"]
[PlyCount "61"]
[EventDate "2022.01.21"]

1. e4 e6 2. d4 d5 3. e5 c5 4. c3 Nc6 5. Nf3 Qb6 6. Bd3 Bd7 7. Bc2 f6 8. O-O
fxe5 9. Nxe5 Nxe5 10. dxe5 Ne7 11. Nd2 Nc6 12. Qh5+ Kd8 13. Nf3 Be8 14. Qg4 Ne7
15. Ng5 Kd7 16. Ba4+ Kd8 17. Nxe6+ Kc8 18. Bxe8 Kb8 19. Rd1 a6 20. Be3 Nc6 21.
Rxd5 Qxb2 22. Rad1 Qxc3 23. Nxf8 Rxf8 24. Bxc6 bxc6 25. Rxc5 Qb2 26. Rxc6 Qb7
27. Rb6 Ra7 28. Rdb1 Rf7 29. Rxb7+ Raxb7 30. Rxb7+ Rxb7 31. h3 1-0

[Event "27th 4NCL Congress"]
[Site "The Old Swan Harrogate, Swan R"]
[Date "2022.01.23"]
[Round "4.2"]
[White "Pointon, Mike"]
[Black "Carey, Con"]
[Result "1/2-1/2"]
[WhiteElo "1650"]
[BlackElo "1570"]
[PlyCount "46"]
[EventDate "2022.01.21"]

1. e4 g6 2. d4 Bg7 3. f4 d6 4. Nf3 Bg4 5. Be3 c6 6. Nc3 Nd7 7. Be2 Nb6 8. O-O
e6 9. h3 Bxf3 10. Rxf3 Ne7 11. Qd2 f5 12. e5 Ned5 13. Nxd5 Nxd5 14. Rd1 Nxe3
15. Qxe3 d5 16. c4 Qb6 17. Qa3 Bf8 18. c5 Qc7 19. b4 Be7 20. Rb1 O-O 21. Rfb3
b5 22. Qa6 Qc8 23. Ra3 Qd7 1/2-1/2

[Event "27th 4NCL Congress"]
[Site "The Old Swan Harrogate, Swan R"]
[Date "2022.01.23"]
[Round "4.3"]
[White "Horspool, Ben"]
[Black "Belinger, John"]
[Result "1/2-1/2"]
[WhiteElo "1478"]
[BlackElo "1647"]
[PlyCount "33"]
[EventDate "2022.01.21"]

1. d4 d5 2. Bf4 c5 3. e3 Nc6 4. c3 Nf6 5. Bd3 c4 6. Bc2 b5 7. Nd2 e6 8. h3 Bd6
9. Ngf3 Bxf4 10. exf4 O-O 11. Ne5 Bb7 12. g4 Nd7 13. h4 Ndxe5 14. fxe5 f6 15.
f4 Qe7 16. Qe2 a5 17. exf6 1/2-1/2

[Event "27th 4NCL Congress"]
[Site "The Old Swan Harrogate, Swan R"]
[Date "2022.01.23"]
[Round "4.4"]
[White "Buckell, David J"]
[Black "Llewellyn, Alan M"]
[Result "1/2-1/2"]
[WhiteElo "1626"]
[BlackElo "1629"]
[PlyCount "48"]
[EventDate "2022.01.21"]

1. Nf3 Nf6 2. c4 e5 3. Nxe5 d5 4. cxd5 Qxd5 5. Nf3 Bc5 6. e3 Nc6 7. Nc3 Qh5 8.
d3 O-O 9. a3 Re8 10. Be2 g5 11. b4 g4 12. Ng1 Bd6 13. Bb2 Qh4 14. g3 Qg5 15. h4
gxh3 16. Nxh3 Bxh3 17. Rxh3 Rxe3 18. fxe3 Qxe3 19. Ne4 Nxe4 20. dxe4 Bxg3+ 21.
Rxg3+ Qxg3+ 22. Kf1 Qh3+ 23. Kf2 Qh2+ 24. Ke3 Qh6+ 1/2-1/2

[Event "27th 4NCL Congress"]
[Site "The Old Swan Harrogate, Swan R"]
[Date "2022.01.23"]
[Round "4.5"]
[White "Patterson, Dave"]
[Black "Jinks, Anthony"]
[Result "1-0"]
[WhiteElo "1695"]
[BlackElo "1562"]
[PlyCount "51"]
[EventDate "2022.01.21"]

1. e4 e5 2. Nc3 Nf6 3. f4 d5 4. exd5 Nxd5 5. Qf3 Nxc3 6. dxc3 Bd6 7. Bd3 Nc6 8.
Ne2 Qh4+ 9. g3 Bg4 10. Qxc6+ bxc6 11. gxh4 O-O 12. fxe5 Bxe5 13. Be3 Rfe8 14.
Bd4 Bxd4 15. cxd4 Re6 16. h3 Bh5 17. Rh2 Rae8 18. O-O-O g6 19. Bc4 Re4 20. b3
Rxh4 21. Rf1 g5 22. Rg2 h6 23. Nf4 Re7 24. Nxh5 Rxh5 25. Rgf2 Rxh3 26. Bxf7+
1-0

[Event "27th 4NCL Congress"]
[Site "The Old Swan Harrogate, Swan R"]
[Date "2022.01.23"]
[Round "4.6"]
[White "Jackson, Paul Robert"]
[Black "Vdovycia, Titas"]
[Result "1/2-1/2"]
[WhiteElo "1563"]
[BlackElo "1667"]
[PlyCount "47"]
[EventDate "2022.01.21"]

1. d4 d5 2. Nf3 Nf6 3. c3 c5 4. e3 Nc6 5. Bd3 Bg4 6. Nbd2 e5 7. dxe5 Nxe5 8.
Be2 Bd6 9. Nxe5 Bxe2 10. Qxe2 Bxe5 11. Nf3 Bd6 12. Qb5+ Qd7 13. Qxd7+ Nxd7 14.
b3 c4 15. Bb2 Nc5 16. Ke2 Nd3 17. Rab1 O-O-O 18. Rhd1 h6 19. Ne1 Nxb2 20. Rxb2
Be5 21. Rc2 h5 22. Nf3 Bf6 23. Nd4 Rhe8 24. Kf1 1/2-1/2

[Event "27th 4NCL Congress"]
[Site "The Old Swan Harrogate, Swan R"]
[Date "2022.01.23"]
[Round "4.7"]
[White "Scorer, David M"]
[Black "Merry, John D"]
[Result "1/2-1/2"]
[WhiteElo "1443"]
[BlackElo "1660"]
[PlyCount "39"]
[EventDate "2022.01.21"]

1. d4 Nf6 2. Nf3 g6 3. Bf4 d6 4. e3 Bg7 5. Be2 O-O 6. Nbd2 Nbd7 7. O-O Re8 8.
c3 Nd5 9. Bg3 c6 10. Qc2 e5 11. dxe5 Nxe5 12. Nxe5 Bxe5 13. Bxe5 dxe5 14. Rad1
Qe7 15. Nf3 Nf6 16. e4 Bg4 17. h3 Bxf3 18. Bxf3 Rad8 19. Rxd8 Rxd8 20. Rd1
1/2-1/2

[Event "27th 4NCL Congress"]
[Site "The Old Swan Harrogate, Swan R"]
[Date "2022.01.23"]
[Round "4.8"]
[White "Mildenhall, Steven"]
[Black "Oliver, Peter J R"]
[Result "0-1"]
[WhiteElo "1386"]
[BlackElo "1659"]
[PlyCount "58"]
[EventDate "2022.01.21"]

1. c4 Nf6 2. d4 g6 3. Nc3 Bg7 4. e4 d6 5. h3 O-O 6. Be3 e5 7. d5 Nbd7 8. Nf3 a6
9. g4 Nc5 10. Nd2 a5 11. Be2 Ne8 12. h4 f5 13. gxf5 gxf5 14. exf5 Bxf5 15. Bxc5
dxc5 16. Nde4 b6 17. Qd2 Nf6 18. f3 Qe7 19. O-O-O Rad8 20. Rdg1 Nh5 21. Rg5 Nf4
22. Rhg1 Rf7 23. Ng3 Bg6 24. Bf1 Bh6 25. Nf5 Rxf5 26. Rxf5 Ne2+ 27. Bxe2 Bxd2+
28. Kxd2 Qxh4 29. Rxe5 Qf4+ 0-1

[Event "27th 4NCL Congress"]
[Site "Harrogate"]
[Date "2022.01.23"]
[Round "4.9"]
[White "Weller, Colin"]
[Black "Mitchell, Ian"]
[Result "1/2-1/2"]
[WhiteElo "1598"]
[BlackElo "1553"]
[PlyCount "126"]
[EventDate "2022.01.21"]

1. e4 c6 2. Nf3 d5 3. exd5 cxd5 4. d4 e6 5. c3 Be7 6. Qa4+ Bd7 7. Bb5 Qc7 8.
Ne5 Bxb5 9. Qxb5+ Nc6 10. Nxc6 Qxc6 11. Qxc6+ bxc6 12. Nd2 Nf6 13. f3 c5 14.
dxc5 Bxc5 15. Nb3 Bb6 16. Ke2 O-O 17. Be3 Bxe3 18. Kxe3 Nd7 19. f4 Nb6 20. Nd2
Na4 21. Rab1 Rab8 22. Nb3 Nb6 23. Rhe1 Nc4+ 24. Kd4 Rfc8 25. Re2 Nd6 26. Kd3
Rc4 27. g3 Ra4 28. Nc1 Ne4 29. b3 Nc5+ 30. Kc2 Ra6 31. Rb2 Ne4 32. Kd3 Rc8 33.
Rec2 Rac6 34. Ne2 Nf2+ 35. Kd4 Ng4 36. Ng1 Nh6 37. Nf3 Nf5+ 38. Kd3 Nd6 39. Nd2
h6 40. a4 Nb7 41. b4 Nd6 42. b5 Rc5 43. Rb4 a6 44. c4 dxc4+ 45. Nxc4 Nxc4 46.
Rcxc4 Rd5+ 47. Rd4 Rxd4+ 48. Rxd4 axb5 49. axb5 Kf8 50. Rc4 Rb8 51. Rc5 Ke7 52.
Kc4 Kd7 53. Rc6 Rc8 54. Rxc8 Kxc8 55. Kc5 Kb7 56. g4 g5 57. fxg5 hxg5 58. h3 f5
59. gxf5 exf5 60. Kd4 Kb6 61. Ke5 f4 62. Ke4 Kxb5 63. h4 gxh4 1/2-1/2

[Event "27th 4NCL Congress"]
[Site "Harrogate"]
[Date "2022.01.23"]
[Round "4.10"]
[White "Sartain, Patrick P"]
[Black "Dickson, Kieran"]
[Result "1-0"]
[WhiteElo "1556"]
[BlackElo "1686"]
[PlyCount "123"]
[EventDate "2022.01.21"]

1. e4 e5 2. Nf3 Nc6 3. Bc4 Bc5 4. c3 Nf6 5. d3 d6 6. b4 Bb6 7. a4 a6 8. Ng5 O-O
9. Qb3 Qe7 10. a5 Ba7 11. O-O h6 12. Nf3 Bg4 13. Nbd2 Nd8 14. h3 Be6 15. Bxe6
Nxe6 16. Nc4 Nh5 17. Ne3 Nhf4 18. Nf5 Qf6 19. Qd1 Kh7 20. Kh2 Rad8 21. g3 Ng6
22. d4 c6 23. h4 d5 24. h5 dxe4 25. hxg6+ fxg6 26. Nxh6 gxh6 27. Nxe5 Bb8 28.
Ng4 Qf3 29. Qxf3 Rxf3 30. Be3 h5 31. Ne5 Bxe5 32. dxe5 Nc7 33. Bb6 Rd7 34. Bxc7
Rxc7 35. Rae1 Rxc3 36. Rxe4 Re7 37. e6 Rd3 38. f4 Kg7 39. f5 gxf5 40. Rxf5 Kg6
41. Ree5 Rd5 42. Rg5+ Kf6 43. Rxd5 cxd5 44. Rxd5 Rxe6 45. Rxh5 Kg6 46. Rh4 b6
47. axb6 Kg5 48. b7 Rb6 49. Rc4 Rxb7 50. Kh3 Rh7+ 51. Rh4 Rd7 52. Rc4 Rh7+ 53.
Kg2 Rh6 54. Kf3 Rb6 55. Ke3 Rd6 56. Rd4 Re6+ 57. Kd3 Rc6 58. Rc4 Rf6 59. Rf4
Rxf4 60. gxf4+ Kxf4 61. Kd4 Kf3 62. Kc5 1-0

[Event "27th 4NCL Congress"]
[Site "The Old Swan Harrogate, Swan R"]
[Date "2022.01.23"]
[Round "4.11"]
[White "Lee, Jordan"]
[Black "Wright, George A"]
[Result "0-1"]
[WhiteElo "1683"]
[BlackElo "1551"]
[PlyCount "32"]
[EventDate "2022.01.21"]

1. e4 b6 2. Nc3 Bb7 3. Bc4 e6 4. a3 Nf6 5. f3 d5 6. exd5 Nxd5 7. Nge2 Qh4+ 8.
Ng3 Qxc4 9. Nxd5 Bxd5 10. d3 Qh4 11. Be3 Bd6 12. Bf2 Bxg3 13. Bxg3 Qe7 14. O-O
Nd7 15. c4 Bb7 16. Bxc7 Qc5+ 0-1

[Event "27th 4NCL Congress"]
[Site "The Old Swan Harrogate, Swan R"]
[Date "2022.01.23"]
[Round "4.12"]
[White "Ashworth, Steven M"]
[Black "Webster, Vivien"]
[Result "0-1"]
[WhiteElo "1528"]
[BlackElo "1656"]
[PlyCount "76"]
[EventDate "2022.01.21"]

1. e4 e5 2. d4 exd4 3. c3 b6 4. cxd4 Bb7 5. Nc3 Nf6 6. Bg5 Be7 7. Bxf6 Bxf6 8.
e5 Be7 9. f4 Bh4+ 10. Kd2 Nc6 11. Nf3 Be7 12. Ke2 Bh4 13. Nxh4 Qxh4 14. Ke3 g5
15. Qf3 Qxf4+ 16. Qxf4 gxf4+ 17. Kxf4 Nxd4 18. Rg1 Ne6+ 19. Ke3 Rg8 20. h4
O-O-O 21. g4 h6 22. Bc4 d5 23. exd6 cxd6 24. Rad1 Rge8 25. Kf2 Nc7 26. Nd5 Re4
27. Bb3 Bxd5 28. Bxd5 Re5 29. Bb3 Ne6 30. Rge1 Kc7 31. Rxe5 dxe5 32. Rxd8 Nxd8
33. Ke3 Kd6 34. g5 hxg5 35. hxg5 Ne6 36. Bxe6 Kxe6 37. Ke4 f5+ 38. Ke3 Kf7 0-1

[Event "27th 4NCL Congress"]
[Site "The Old Swan Harrogate, Swan R"]
[Date "2022.01.23"]
[Round "4.13"]
[White "Foy, Jeff"]
[Black "Edgar, Barry"]
[Result "1/2-1/2"]
[WhiteElo "1409"]
[BlackElo "1615"]
[PlyCount "60"]
[EventDate "2022.01.21"]

1. d4 Nf6 2. Nf3 c5 3. e3 g6 4. c3 cxd4 5. exd4 Bg7 6. Bd3 b6 7. O-O Bb7 8.
Nbd2 O-O 9. Re1 d6 10. Ne4 Nxe4 11. Bxe4 Bxe4 12. Rxe4 Nd7 13. Bg5 f6 14. Bd2
d5 15. Re6 Re8 16. Qc1 Qc8 17. Qe1 Ne5 18. Rxe5 fxe5 19. Nxe5 Qf5 20. f4 Bxe5
21. fxe5 g5 22. Qe2 Rf8 23. Be3 g4 24. g3 Kg7 25. Bf4 e6 26. Rf1 Qg6 27. Qd2
Rf5 28. Rf2 Raf8 29. Qe3 h5 30. Kf1 Kh7 1/2-1/2